José Pepper Gomez

Bibliographic Details
Main Author: Švub, Josef (Author)
Format: Article
Language:Slovak
Czech
PhysicalDescription:Fotogr.
ISSN:1335-7867
Subjects:

MARC

LEADER 00000nab a2200000 ar4500
001 vtls010091756
003 SK-MaSNL
005 20260303081247.0
008 100504c2010 xo mr|p|||||||000 b|slo
015 |a SNBRB2010/05  |2 snkbucl 
038 |a SNKBUCL 
040 |a SNKBUCL  |b slo  |c SNKBUCL  |e AACR2 
041 0 |a cze 
044 |a xo  |c SK 
080 |a 796.894.071  |2 2001 
080 |a 929 Gomez, José Pepper  |2 2001 
100 1 |a Švub, Josef  |4 aut  |9 376894 
245 1 0 |a José Pepper Gomez  |c Josef Švub 
300 |b Fotogr. 
600 1 7 |a Gomez, José Pepper,  |d 1924-2004  |2 snkbucl  |9 1084253 
650 0 7 |a kulturistika  |2 snkbucl  |9 3254 
655 7 |a profily  |2 snkbucl  |9 341977 
773 0 |t Muscle a fitness  |g Roč. XX, č. 5 (2010), s. 122  |x 1335-7867 
852 |a SNK  |b KIS3GCP 
958 |a BC 
999 |c 1783888  |d 1785818